Súčasná pôsobnosť zmlúv ES/EÚ
Vecná, územná a časová pôsobnosť medzinárodných zmlúv ES a EÚ. Úlohy a ciele Európskeho spoločenstva a Európskej únie. Nástroje pre dosahovanie cieľov Európskej únie.
Gespeichert in:
| 1. Verfasser: | |
|---|---|
| Format: | Buchkapitel |
| Sprache: | Slowakisch |
| Schlagworte: | |
| Tags: |
Keine Tags, Fügen Sie das erste Tag hinzu!
|
MARC
| LEADER | 00000naa a2200000 4500 | ||
|---|---|---|---|
| 001 | r048756 | ||
| 005 | 20230929115946.4 | ||
| 041 | 0 | |a slo | |
| 044 | |a SK | ||
| 245 | 1 | 0 | |a Súčasná pôsobnosť zmlúv ES/EÚ |c Daniela Nováčková |
| 520 | |a Vecná, územná a časová pôsobnosť medzinárodných zmlúv ES a EÚ. Úlohy a ciele Európskeho spoločenstva a Európskej únie. Nástroje pre dosahovanie cieľov Európskej únie. | ||
| 610 | 2 | 0 | |a vzťahy hospodárske medzinárodné |
| 610 | 2 | 0 | |a spolupráca hospodárska medzinárodná |
| 610 | 2 | 0 | |a zmluvy medzinárodné |
| 610 | 2 | 0 | |a Európske spoločenstvá |
| 610 | 2 | 0 | |a Európska únia |
| 100 | 1 | |a Nováčková, Daniela | |